MARC

LEADER 00000nam0a2200000 4500
001 258375
005 20231031220247.0
035 |a (RuTPU)RU\TPU\book\281224 
090 |a 258375 
100 |a 20140424d1987 k y0rusy50 ca 
101 0 |a rus 
102 |a RU 
105 |a a z 001zy 
200 1 |a Методы проектирования моделей ГАП  |f Н. Г. Малышев, А. В. Суворов, В. С. Верба  |g Таганрогский радиотехнический институт (ТРТИ) ; под ред. А. А. Колесникова 
210 |a Ростов-на-Дону  |c Изд-во Ростовского ун-та  |d 1987 
215 |a 184 с.  |c ил. 
225 1 |a Актуальные проблемы науки 
320 |a Библиогр.: с. 176-181. 
606 1 |a Автоматизация производства   |2 stltpush  |3 (RuTPU)RU\TPU\subj\609 
610 1 |a проектирование 
610 1 |a методы 
610 1 |a модели 
610 1 |a ГАП 
610 1 |a классификация 
610 1 |a моделирование 
610 1 |a автономные модели 
675 |a 658.52.011.56  |v 3 
700 1 |a Малышев  |b Н. Г.  |g Николай Григорьевич 
701 1 |a Суворов  |b А. В.  |g Александр Викторович 
701 1 |a Верба  |b В. С.  |g Владимир Степанович 
702 1 |a Колесников  |b А. А.  |4 340 
712 0 2 |a Таганрогский радиотехнический институт (ТРТИ)  |c (1952-1993)  |2 stltpush  |3 (RuTPU)RU\TPU\col\12259 
801 1 |a RU  |b 63413507  |c 20140424 
801 2 |a RU  |b 63413507  |c 20160419  |g RCR 
942 |c BK